1400 1073 1120 1431 1540 1809 1492 1624 1691 1061 1114 1505 1706 1027 1501 1001 1636 1560 1991 1591 1054 1137 1233 1603 1160 1184 1506 1774 1594 1753 1931 1996 1829 1323 1548 1350 1313 1149 1249 1470 1417 1684 1343 1134 1259 1032 1641 1756 1585 1288 1993 1736 1126 1853 1638 1785 1977 1978 1926 1258 2000 1374 1319 1109 1208 1037 1035 1507 1659 1538 1682 1351 1792 1979 1441 1903 1527 1080 1406 1752 1586 1815 1563 1784 1681 1518 1646 1021 1197 1155 1236 1078 1333 1611 1348 1353 1151 1556 1489 BCNSPRNW ULIB Ver.6.0+V

เปลี่ยนเป็นภาษาไทย

Change to English
 แสดงรายละเอียดบรรณานุกรม
  กลับหน้าหลัก

Brief Record : Get Marc (ISO 2709) : E-mail record : QR code < ปิดหน้าต่าง
LEADER : 00000nam 2200000uu 4500
001    13399125856
003     ULIB
008    020711s2016 th a 000 0 eng d
020    ^a9781259251238
060    ^aWP18.2^bS614O
100    ^aSims< Shireen Madani.
245    ^aObstetrics and gynecology : Pretest self-assessment and review/^bSims< Shireen Madani.
250    ^a14th ed
260    ^aNew York :^bMcGraw-hill,^c2016
300    ^a358 pages;^c22 cm
650    ^aGynecology-Examination Questions
650  0 ^aObstetrics-Examination Questions
945    ^p450^l0^i003238
999    ^aประนอม เกษจรัล
รายการนี้ยังไม่มีแท็ก
คุณยังไม่ได้ล็อกอิน คุณสามารถมีกิจกรรมร่วมกับเว็บไซต์ได้ แต่ต้องล็อกอินก่อน ::
  ล็อกอิน

รายการสื่อสารสนเทศ

ลำดับที่ ประเภท เลขเรียก/บาร์โค้ด สถานที่ สถานะ
1. วิทยาศาสตร์การแพทย์ และสุขภาพ
หนังสือสำรอง
สถานะ=หนังสือสำรอง
WP18.2 S614O ฉ.1 
  Barcode: 003238
ห้องสมุดวิทยาเขตสวรรค์ประชารักษ์
►หนังสือทั่วไป
บนชั้น

BibComment


ยังไม่เคยถูกคอมเมนท์

คอมเมนท์ทรัพยากรรายการนี้
  คอมเมนท์: Obstetrics and g..


 Copyright 2026. Bcnsprnw @Library